000 nam a22 7a 4500
999 _c149133
_d149131
005 20190617111429.0
008 140714t sp||||| |||| 00| 0 spa d
020 _a8474328209
050 0 4 _aHF1379
_bM35 2000
100 1 _aMalem Seña, Jorge F.,
245 1 0 _aGlobalización, comercio internacional y corrupción /
_cJorge F. Malem Seña.
250 _a1a ed.
260 _aBarcelona, España :
_bGedisa,
_cc2000
300 _a220 p. :
_bil. ;
_c23 cm.
490 0 _aCla de ma / Derecho
504 _aBibliografía : p. 207-216 e índice
650 7 _2LEMB
_aCorporaciones
_xPrácticas corruptas
650 7 _2LEMB
_aCompetencia económica desleal
942 _2lcc
_cLIB